logo

Bir Sreshtho Munshi Abdur Rouf Library
Jhenaidah Cadet College

প্রণমহি বঙ্গমাতা / (Record no. 1364)

MARC details
000 -LEADER
fixed length control field 00676nam a2200229 a 4500
001 - CONTROL NUMBER
JCCL Control Number 1364
003 - CONTROL NUMBER IDENTIFIER
JCCL marc code BD-JhCC
005 - DATE AND TIME OF LATEST TRANSACTION
control field 20171019094123.0
008 - FIXED-LENGTH DATA ELEMENTS--GENERAL INFORMATION
fixed length control field 171018s2007 bg a|||| ||a| 000 0 ben d
020 ## - INTERNATIONAL STANDARD BOOK NUMBER
International Standard Book Number 984410549
035 ## - SYSTEM CONTROL NUMBER
system control number (BD-JhCC)1364
040 ## - CATALOGING SOURCE
Original cataloging agency BD-JhCC
Modifying agency BD-JhCC
041 ## - LANGUAGE CODE
Language code of Book ben
082 ## - DEWEY DECIMAL CLASSIFICATION NUMBER
Classification number 398.09
Author mark and Year ZAK 2007
100 ## - MAIN ENTRY--PERSONAL NAME
Personal name জাকারিয়া, সাইমন
245 ## - TITLE STATEMENT
Title প্রণমহি বঙ্গমাতা /
Statement of responsibility, etc সাইমন জাকারিয়া,
260 ## - PUBLICATION, DISTRIBUTION, ETC. (IMPRINT)
Place of publication, distribution, etc ঢাকা :
Name of publisher, distributor, etc মাওলা ব্রাদার্স,
Date of publication, distribution, etc 2007
300 ## - PHYSICAL DESCRIPTION
Pagination 176 p. :
Dimensions 24 cm.
650 ## - SUBJECT ADDED ENTRY--TOPICAL TERM
Topical term or geographic name as entry element Folklore
942 ## - ADDED ENTRY ELEMENTS (KOHA)
Source of classification or shelving scheme Dewey Decimal Classification
Koha item type Books
Holdings
Source of classification or shelving scheme Damaged status Not for loan Home library Current library Shelving location Source of acquisition Cost, normal purchase price Total Checkouts Full call number Barcode Date last seen Copy number Koha item type Date of accession
Dewey Decimal Classification     JCC Rouf Library JCC Rouf Library General Stacks Zahedee Foundation 175.00   398.09 ZAK 2007 2407 10/18/2017 C-1 Books  
Dewey Decimal Classification     JCC Rouf Library JCC Rouf Library General Stacks Fundation of the Tenth's Efforts 150.00   398.09 ZAK 2007 3391 10/31/2017 C-2 Books 10/31/2017

JCC Library | Contacts | JCC Home

Last Update on 23 September 2017
Copyright @ 2017-2020 JCC Rouf Library
Rouf Library, Jhenidah Cadet College (JCC), Bangladesh